Ảnh hưởng của điện trường lên năng lượng liên kết của tạp chất trong dây lượng tử dạng chữ T : Luận văn Thạc sĩ chuyên ngành: Vật lý lý thuyết và vật lý toán
Đề tài trình bày tổng quan sơ lược về dây lượng tử bán dẫn, khảo sát năng lượng điện tử ở trạng thái cơ bản dưới tác dụng của điện trường và trong trường hợp có tạp chất.
Đã lưu trong:
| 主要作者: | |
|---|---|
| 企业作者: | |
| 格式: | 图书 |
| 语言: | Undetermined |
| 出版: |
Cần Thơ
Trường Đại học Cần Thơ
2014
|
| 主题: | |
| 标签: |
添加标签
没有标签, 成为第一个标记此记录!
|
| Thư viện lưu trữ: | Trung tâm Học liệu Trường Đại học Cần Thơ |
|---|
| LEADER | 01184nam a2200229Ia 4500 | ||
|---|---|---|---|
| 001 | CTU_193382 | ||
| 008 | 210402s9999 xx 000 0 und d | ||
| 082 | |a 537.6226 | ||
| 082 | |b B112 | ||
| 088 | |a 60440103 | ||
| 100 | |a Huỳnh, Ngọc Bảy | ||
| 110 | |a . | ||
| 245 | 0 | |a Ảnh hưởng của điện trường lên năng lượng liên kết của tạp chất trong dây lượng tử dạng chữ T : | |
| 245 | 0 | |b Luận văn Thạc sĩ chuyên ngành: Vật lý lý thuyết và vật lý toán | |
| 245 | 0 | |c Huỳnh Ngọc Bảy ; Cao Huy Thiện (Cán bộ hướng dẫn) | |
| 260 | |a Cần Thơ | ||
| 260 | |b Trường Đại học Cần Thơ | ||
| 260 | |c 2014 | ||
| 520 | |a Đề tài trình bày tổng quan sơ lược về dây lượng tử bán dẫn, khảo sát năng lượng điện tử ở trạng thái cơ bản dưới tác dụng của điện trường và trong trường hợp có tạp chất. | ||
| 650 | |a Semiconductors,Chất bán dẫn | ||
| 904 | |i Hải | ||
| 980 | |a Trung tâm Học liệu Trường Đại học Cần Thơ | ||